| 000 | 00624cam a22002293a 4500 | ||
|---|---|---|---|
| 001 | 15663 | ||
| 003 | PGUSA | ||
| 005 | 20140828083332.0 | ||
| 008 | 050420s2005||||xxu|||||s|||||000 | eng d | ||
| 040 |
_aPGUSA _beng |
||
| 042 | _adc | ||
| 050 | 4 | _aDT | |
| 100 | 1 |
_aGilman, Arthur, _d1837-1909 |
|
| 245 | 1 | 0 |
_aAncient Egypt _h[electronic resource] / _cArthur Gilman |
| 260 |
_bProject Gutenberg, _c2005 |
||
| 506 | _aPublic domain in the USA. | ||
| 516 | _aElectronic text | ||
| 653 | _aEgypt -- History, Ancient | ||
| 830 | 0 |
_aProject Gutenberg _v15663 |
|
| 856 | 4 | 0 | _uhttp://www.gutenberg.org/ebooks/15663 |
| 942 | _cEB | ||
| 999 |
_c244918 _d244918 |
||